00528nam a22001697a 450000500170000001000150001702000260003203500140005803700130007208200110008510000150009624500900011126000450020127000610024630000320030770000190033920230207143905.0 aENG-136141 a9780198069827c575.00 aEN-119673 bDBAD/PUB a341.48 aGhai, Yash aThe Millennium Declaration Rights, and Constitutions/cby Yash Ghai and Jill Cottrell aNew DelhibOxford University Pressc2011 aYMCA Library Building, Jai Singh RoadbNew Delhie110001 axv, 204p.bIndexc23cm(hbk) aCottrell, Jill